DECISION MAKING IN INFERTILITY / (Record no. 796256)

MARC details
000 -LEADER
fixed length control field 00499pam a2200181 a 4500
020 ## - INTERNATIONAL STANDARD BOOK NUMBER
International Standard Book Number 9810006489
Terms of availability 375.00
041 ## - LANGUAGE CODE
Language code of text/sound track or separate title eng
Language code of original NULL
082 ## - DEWEY DECIMAL CLASSIFICATION NUMBER
Classification number 618.2
Item number DEC/POL
100 ## - MAIN ENTRY--PERSONAL NAME
Personal name DECHERNEY, A .
245 ## - TITLE STATEMENT
Title DECISION MAKING IN INFERTILITY /
Statement of responsibility, etc. NULL.
Medium Textual Documents
260 ## - PUBLICATION, DISTRIBUTION, ETC.
Place of publication, distribution, etc. NULL :
Name of publisher, distributor, etc. JAYPEE BROTHERS MEDICAL PUB. ,
Date of publication, distribution, etc. 1993.
300 ## - PHYSICAL DESCRIPTION
Extent 214 :
Other physical details XII ;
Dimensions NULL .
365 ## - TRADE PRICE
Price type code 375.00
650 ## - SUBJECT ADDED ENTRY--TOPICAL TERM
Topical term or geographic name entry element OBST.GYNE
700 ## - ADDED ENTRY--PERSONAL NAME
Personal name POLAN, M .
-- LEE, R .
930 ## - EQUIVALENCE OR CROSS-REFERENCE-UNIFORM TITLE HEADING [LOCAL, CANADA]
Uniform title 1720
Holdings
Withdrawn status Lost status Damaged status Not for loan Home library Current library Date acquired Cost, normal purchase price Total Checkouts Full call number Barcode Date last seen Copy number Price effective from Koha item type
        Medical College & Hospital, Sangli Medical College & Hospital, Sangli 28/11/2011 375.00   618.2 DEC/POL MCS-4364 26/07/2023 1 26/07/2023 Book